El principio de la libre valoracin̤ de la prueba su significado actual en los juicios orales Reaccin̤ frente al sistema de las pruebas legales o tasadas /

Bibliographic Details
Main Author: Sandoval Delgado, Emiliano
Other Authors: Gm̤ez Přez, Mara̕ Angela
Format: eBook
Language:Spanish
Published: Mx̌ico D.F: Jurd̕ica de las Americas, 2013
Subjects:
Online Access:Acceso restringido

MARC

LEADER 00000nam a22000007a 4500
005 20130710123244.0
007 cr|||| |||
008 130710s2013 cl |||||s|||| 00||0 spa d
035 |a 11348 
040 |a vLex 
090 |c 4405  |d 4405 
100 1 |a Sandoval Delgado, Emiliano 
245 1 3 |a El principio de la libre valoracin̤ de la prueba su significado actual en los juicios orales  |h [Recurso electrn̤ico] :  |b Reaccin̤ frente al sistema de las pruebas legales o tasadas /  |c Emiliano Sandoval Delgado, Mara̕ ℓngela Gm̤ez Přez  
256 |a Servicio en ln̕ea 
260 |a Mx̌ico D.F:  |b Jurd̕ica de las Americas,   |c 2013 
300 |a 1 recurso electrn̤ico 
506 1 |a Contenido solo disponible en los productos indicados  |d vLex Global  |d vLex Global (Academic Edition, excluding Law Schools)  |d vLex Global (U.S. Academic Edition, Law Schools)  |d vLex Global (U.S. Academic Edition, excluding Law Schools)  |d vLex Global (Academic Edition, Law Schools) 
650 0 4 |a Prueba (Derecho)  |z Chile 
650 0 4 |a Juicio oral  |z Chile 
700 2 |a Gm̤ez Přez, Mara̕ Angela 
740 0 |a vLex Libros (Servicio en ln̕ea) 
856 4 0 |u http://vlex.com/source/principio-libre-valoracion-prueba-significado-actual-juicios-orales-11348  |z Acceso restringido 
942 |c BOOK 
999 0 |a Oral pleading 
999 0 |a Evidence (Law)